000 00338nam a2200145 i 4500
001 bg
100 1 _aBRILLJUEN, L.
245 0 _aNovyj vzgljad na teoriju otnositelnosti /
_cL. Brilljuen.
260 _aMoskva,
_c1972.
040 _cBPK
041 _apol
080 _a530.1
942 _cKS
008 s pl f |000 0 pol
999 _c14769
_d14769
856 _uhttp://koha.tu.koszalin.pl/cgi-bin/koha/opac-detail.pl?biblionumber=14769
_yKatalog online BPK